000 00667nam a2200205 i 4500
001 59732
003 ES-MaACL
005 20230906164105.0
007 t|
008 031030s1976 sp ||||1| spa d
245 0 4 _aLas elecciones municipales a debate /
_cJoan Reventós ... [et al.] ; [textos en catalán traducidos por Joan-Lluis Bozzo].
260 _a[Barcelona] :
_b7 x 7,
_c[1976]
300 _a179 p. ;
_c18 cm.
490 1 _aAlternativa ;
_v1
700 1 _aBozzo, Joan Lluís (
_d1953-)
_931221
700 1 _aReventós, Joan (
_d1927-2004)
_9151763
830 0 _aAlternativa ;
_v1
_9184227
852 _aES-MaACL
_jA-6153
_bR.94756
999 _c59732
_d59732